| 000 | 00646nam a2200205Ia 4500 | ||
|---|---|---|---|
| 008 | 140626s9999 xx 000 0 und d | ||
| 100 | _aKumar, Alok.. | ||
| 245 |
_aPerformance implications of mismatched governance regimes across external and internal relationships / _cAlok Kumar ... [et al.]. |
||
| 260 | _cc2011. | ||
| 300 | _a75 : 2, page 1 | ||
| 440 | _aJournal of Marketing | ||
| 521 | _aBSBA | ||
| 650 | _aFormal relationships. | ||
| 650 | _aGovernance. | ||
| 650 | _aIncompatible governance mechanisms. | ||
| 650 | _aInformal relationships. | ||
| 650 | _aInterfirm relationships. | ||
| 650 | _aPerformance. | ||
| 942 | _cSE | ||
| 999 |
_c121092 _d121092 |
||